000 01080nam a2200205 a 4500
001 000048942
005 20250611073818.0
008 190506s2016 dr ad 001 0 spa d
020 _a9789945591361
040 _aDO-SdBNP
_bspa
_cBNPHU
082 _axxxx
_bR426p, 2016
110 1 _aRepública Dominicana.
_bMinisterio de Salud Pública
_980830
245 1 0 _aProtocolos de atención para obstetricia y ginecología.
250 _a2da. ed.
260 _aSanto Domingo :
_bMinisterio de Salud Pública,
_c2016.
300 _av. :
_bil., diagrs. ;
_c16 cm.
504 _aBibliografía : p. 128-129
505 0 _aProtocolo para la prevención y el manejo de la hemorragia posparto primaria (HPPP) --
_tProtocolo de atención del embarazo ectópico --
_tProtocolo de atención de manejo del aborto espontáneo --
_tProtocolo de atención de diagnóstico y manejo del desprendimiento prematuro de placenta --
_tProtocolo de atención para la prevención y tratamiento de la hipertensión del embarazo --
_tProtocolo de atención durante el parto normal.
590 _aInventariado, 2019/LP
999 _c48430
_d48430